| 000 | 01324cad a22002295a 4500 | ||
|---|---|---|---|
| 001 | L143162 | ||
| 008 | 080221s2007 xxkad f s 000 0 eng d | ||
| 035 | _a(Sirsi) u143162 | ||
| 041 | 0 | _aeng | |
| 050 | 0 | 4 | _a333.33 $2 18 |
| 110 | 2 |
_aCB Richard Ellis _93675 |
|
| 245 | 0 | 0 |
_aEuropean Investment Market View _byear end 2007 _h[electronic resource] |
| 260 |
_a[S.l.] _bCBRE _c2007 |
||
| 490 | 0 |
_aCB Richard Ellis European Investment Market View _vyear end 2007 |
|
| 520 | _aReports that the turnover of the European commercial investment market was €246 billion in 2007; a 6.3% increase on 2006. Finds that there has been a strong divergence between the development of the UK and other European markets. Investment activity fell 9% on the previous year in the UK, whilst other European markets rose 15% over 2006. Capital values also fell more sharply in the UK than in Continental Europe. Cross-border activity represented 55% of all deals by value, with a growing interest from Far Eastern buyers who doubled their activity year-on-year. | ||
| 590 | _aKA | ||
| 650 | 2 | 4 | _aCB RICHARD ELLIS EUROPEAN INVESTMENT MARKET VIEW |
| 651 | 4 | _aEurope | |
| 690 | _aPROPERTY-COMMERCIAL PROPERTY-COMMERCIAL PROPERTY MARKET | ||
| 856 | 4 | 0 |
_uhttps://www.cbre.co.uk _zView the report free of charge at www.cbre.co.uk... |
| 942 | _n0 | ||
| 999 |
_c108089 _d108089 |
||